000 00543nam a2200193 4500
001 143295
003 ES-MaACL
005 20231228205939.0
007 t|
008 070214s1942 mx r ||||1| spa d
100 1 _aSender, Ramón J.,
_d1901-1982
_9105441
245 1 0 _aCrónica del alba /
_cRamón J. Sender.
260 _aMéxico :
_bEd. Nuevo Mundo,
_c1942.
300 _a259 p. ;
_c15 cm.
490 1 _aBiblioteca moderna
830 0 _aBiblioteca moderna
_9183640
852 _aES-MaACL
_jD-5729
_bR.29527
999 _c143295
_d143295